Quiz sur la musique francophone VOL6 - Statistiques

Statistiques générales
  • Ce quiz a été pris 30 fois
  • Le résultat moyen est 7 sur 15
Statistiques - réponses
Question Réponse % Correct
Quels sont les titres d'albums de Nekfeu? Feu / Cyborg / Les étoiles vagabondes
68%
Quel titre a fait connaître Zaho de Sagazan? La symphonie des éclairs
68%
Qui sont les parrains de la saison 13 de Star Academy diffusée entre octobre 2025 et février 2026? Ed Sheeran & Charlotte Cardin
64%
Qui n'est pas québécois? Frédéric François
61%
Lequel est le 1er album d'Axelle Red?
57%
Qui chante en duo le titre "Idées noires"? Bernard Lavilliers & Nicoletta
50%
Quel rappeur n'est pas francophone?
46%
Complète les paroles de "Mon frère" issu de la comédie musicale "Les 10 Commandements" : Chacun avec sa peine Que le temps nous apprenne ........................ En frère A nous aimer
43%
Qui est Gaston Ghrenassia? Enrico Macias
39%
Qui présentait "La Chance aux chansons" diffusée entre 1984 et 2000? Pascal Sevran
36%
Quelle chanson n'est pas interprétée par Hélène Ségara? Humana
32%
Quel artiste a publié un album en hommage à France Gall? Pascal Obispo
29%
Sur quel album de Francis Cabrel figure son titre "La corrida"? Samedi soir sur la Terre
29%
Quelle chanson Maes dédie à sa fille en 2020? Prioritaire
21%
Quel groupe a remporté la 2nde saison de l'émission "Popstars"? Whatfor
21%
Aucun quiz correspondant
Distribution des résultats
% des personnes avec chaque résultat
Percentile par nombre de réponses
Votre historique - résultats
Vous n’avez pas pris ce quiz